Mo tang lễ cổ truyền của người Nùng Dín, Lào Cai

Nội dung sách giới thiệu Mo trong đời sống văn hóa của người Nùng Dín. Đặc điểm nội dung và nghệ thuật của Mo tang lễ người Nùng Dín, các giá trị của Mo tang lễ.

Đã lưu trong:
Sonraí Bibleagrafaíochta
Príomhúdar: Vàng, Thung Chúng
Formáid: Leabhar
Teanga:Undetermined
Foilsithe: Hà Nội Sân khấu 2016
Ábhair:
Clibeanna: Cuir Clib Leis
Gan Chlibeanna, Bí ar an gcéad duine leis an taifead seo a chlibeáil!
Thư viện lưu trữ: Trung tâm Học liệu Trường Đại học Cần Thơ
LEADER 00883nam a2200193Ia 4500
001 CTU_225861
008 210402s9999 xx 000 0 und d
082 |a 393.9309597 
082 |b Ch513 
100 |a Vàng, Thung Chúng 
245 0 |a Mo tang lễ cổ truyền của người Nùng Dín, Lào Cai 
245 0 |c Vàng Thung Chúng 
260 |a Hà Nội 
260 |b Sân khấu 
260 |c 2016 
520 |a Nội dung sách giới thiệu Mo trong đời sống văn hóa của người Nùng Dín. Đặc điểm nội dung và nghệ thuật của Mo tang lễ người Nùng Dín, các giá trị của Mo tang lễ. 
650 |a Nghi thức tang lễ và nghi lễ Việt Nam,Funeral rites and ceremonies Vietnam 
910 |b dqhieu 
980 |a Trung tâm Học liệu Trường Đại học Cần Thơ